Vplyv ceramidov na viacliekovú rezistenciu nádorových buniek diplomová práca

Enregistré dans:
Détails bibliographiques
Auteur principal: Takácsová, Veronika
Format: Livre
Langue:slovaque
Publié: Bratislava STU FCHPT 2017
Accès en ligne:Voir à l'OPAC
Tags: Ajouter un tag
Pas de tags, Soyez le premier à ajouter un tag!

MARC

LEADER 00000nam a2200000 a 4500
005 20260127134311.0
008 170619 2017 xo 001 0 slo d
035 |a vtls011697856 
039 9 |y 201706191201  |z mschk03 
040 |a STUSCHK1  |b slo  |c STUSCHK1  |e AACR2 
100 1 |a Takácsová, Veronika 
245 1 |a Vplyv ceramidov na viacliekovú rezistenciu nádorových buniek  |b diplomová práca  |c Veronika Takácsová 
260 |a Bratislava  |b STU FCHPT  |c 2017 
300 |a 59 s.  |b il.  |c 25 cm 
500 |a Študijný program: biochémia a biomedicínske technológie 
500 |a Študijný odbor: biotechnológie, chémie 
500 |a Školiace pracovisko: Ústav biochémie a mikrobiológie 
500 |a Evid. číslo: FCHPT-104538-61752 
910 |a SCHK95 
999 |c 9216  |d 9216